Kickstart : Student'sbook

Salvato in:
Dettagli Bibliografici
Autore principale: Gude, Kathy
Natura: Libro
Lingua:Undetermined
Pubblicazione: Oxford Oxford University Press 2001
Soggetti:
Tags: Aggiungi Tag
Nessun Tag, puoi essere il primo ad aggiungerne! !
Thư viện lưu trữ: Trung tâm Học liệu Trường Đại học Cần Thơ
LEADER 00582nam a2200217Ia 4500
001 CTU_65382
008 210402s9999 xx 000 0 und d
020 |c 55000 
082 |a 428.34 
082 |b G922/C.2 
100 |a Gude, Kathy 
245 0 |a Kickstart : 
245 0 |b Student'sbook 
245 0 |c Kathy Gude, Michael Duckworth 
260 |a Oxford 
260 |b Oxford University Press 
260 |c 2001 
650 |a English language,Listening 
650 |x Textbooks foreign speakers 
904 |i TUYẾN 
980 |a Trung tâm Học liệu Trường Đại học Cần Thơ